Más allá de las fronteras: accesibilidad de niños, niñas y adolescentes nicaragüenses a la educación primaria en Costa Rica /

में बचाया:
ग्रंथसूची विवरण
मुख्य लेखक: Paniagua Arguedas, Laura (Autora)
स्वरूप: मूलपाठ
भाषा:Spanish
टैग: टैग जोड़ें
कोई टैग नहीं, इस रिकॉर्ड को टैग करने वाले पहले व्यक्ति बनें!

MARC

LEADER 00000 a a2200000 04500
003 cru CRAI/IIS
005 20210303161817.0
008 210303s2007 cr |||||r||||||0| ||spa|d
999 |c 43625  |d 43625 
040 |c cru CRAI/IIS 
100 1 |a Paniagua Arguedas, Laura  |9 1064  |e Autora 
245 1 |a Más allá de las fronteras:  |b accesibilidad de niños, niñas y adolescentes nicaragüenses a la educación primaria en Costa Rica /  |c Laura Paniagua Arguedas 
300 |a páginas 153-181:  |b tablas 
773 0 |0 18765  |9 5217  |a Universidad de Costa Rica.  |d San José, Costa Rica: Editorial Universidad de Costa Rica, 1974-  |o 09560  |t Anuario de Estudios Centroamericanos /  |x 03777316 
942 |2 ddc  |c PP